00632nam a2200157 a 450000100100000000500170001000800410002702000180006804000250008610000280011124501600013926000780029930000360037770000340041370000270044700004484320210513144858.0150114s2014 dr ac 000 0 spa d a9789945475272 aDO-SdBNPbspacBNPHU1 aRamírez Cruz, Elías10aGeomorfología costera y regeneración de playas en República Dominicana /cElías Ramírez Cruz, Carlos García Hernández, Raúl Martell Dubois. aSanto Domingo :bInstituto Panamericano de geografía e Historia,c2014. a416 p. :bil., retrs. ;c26 cm. aHernández Contreras, Carlos1 aMartell Dubois, Raúl